000 00727nam a2200217Ii 4500
003 JO-AjNU
008 230606s9999||||xx |||||||||||||| ||und||
020 _a978-0-19-471-575-1/978-0-19-471-630-7
040 _aJO-AjNU
_beng
_erda
_cJO-AjNU
041 _aeng
050 1 4 _aPE1128.S62 2015
100 3 _aLiz,Soars تأليف;john م.مشارك,
_eauthor
_93478
245 0 0 _aNew Headway Plus :Intermediate Student's Book With Interactive Practice CD-ROM
250 _a1 ed
264 3 1 _aNew York:Oxford University Press,2015
300 _a159p
336 _atext
_btxt
_2rdacontent
337 _aunmediated
_bn
_2rdamedia
338 _avolume
_bnc
_2rdacarrier
650 4 _aNew Headway -Intermediate Student's Book
_93479
999 _aE1815
_c1815
_d1815